<?xml version="1.0" encoding="UTF-8"?><?xml-stylesheet type="text/xsl" href="static/style.xsl"?><OAI-PMH xmlns="http://www.openarchives.org/OAI/2.0/" xmlns:xsi="http://www.w3.org/2001/XMLSchema-instance" xsi:schemaLocation="http://www.openarchives.org/OAI/2.0/ http://www.openarchives.org/OAI/2.0/OAI-PMH.xsd"><responseDate>2026-04-17T14:29:04Z</responseDate><request verb="GetRecord" identifier="oai:www.recercat.cat:2072/474238" metadataPrefix="marc">https://recercat.cat/oai/request</request><GetRecord><record><header><identifier>oai:recercat.cat:2072/474238</identifier><datestamp>2025-09-17T07:19:36Z</datestamp><setSpec>com_2072_98</setSpec><setSpec>col_2072_378192</setSpec></header><metadata><record xmlns="http://www.loc.gov/MARC21/slim" xmlns:dcterms="http://purl.org/dc/terms/" xmlns:xsi="http://www.w3.org/2001/XMLSchema-instance" xmlns:doc="http://www.lyncode.com/xoai" xsi:schemaLocation="http://www.loc.gov/MARC21/slim http://www.loc.gov/standards/marcxml/schema/MARC21slim.xsd">
   <leader>00925njm 22002777a 4500</leader>
   <datafield ind2=" " ind1=" " tag="042">
      <subfield code="a">dc</subfield>
   </datafield>
   <datafield ind2=" " ind1=" " tag="720">
      <subfield code="a">Sanabria-Mazo, Juan P..</subfield>
      <subfield code="e">author</subfield>
   </datafield>
   <datafield ind2=" " ind1=" " tag="720">
      <subfield code="a">D'Amico, Francesco</subfield>
      <subfield code="e">author</subfield>
   </datafield>
   <datafield ind2=" " ind1=" " tag="720">
      <subfield code="a">Cardeñosa, Eugenia</subfield>
      <subfield code="e">author</subfield>
   </datafield>
   <datafield ind2=" " ind1=" " tag="720">
      <subfield code="a">Ferrer Forés, Maria Montserrat</subfield>
      <subfield code="e">author</subfield>
   </datafield>
   <datafield ind2=" " ind1=" " tag="720">
      <subfield code="a">Edo Izquierdo, Sílvia</subfield>
      <subfield code="e">author</subfield>
   </datafield>
   <datafield ind2=" " ind1=" " tag="720">
      <subfield code="a">Borràs, Xavier</subfield>
      <subfield code="e">author</subfield>
   </datafield>
   <datafield ind2=" " ind1=" " tag="720">
      <subfield code="a">McCracken, Lance M</subfield>
      <subfield code="e">author</subfield>
   </datafield>
   <datafield ind2=" " ind1=" " tag="720">
      <subfield code="a">Feliu-Soler, Albert</subfield>
      <subfield code="e">author</subfield>
   </datafield>
   <datafield ind2=" " ind1=" " tag="720">
      <subfield code="a">Sanz Ruiz, Antoni</subfield>
      <subfield code="e">author</subfield>
   </datafield>
   <datafield ind2=" " ind1=" " tag="720">
      <subfield code="a">Luciano, Juan V.</subfield>
      <subfield code="e">author</subfield>
   </datafield>
   <datafield ind2=" " ind1=" " tag="260">
      <subfield code="c">2024</subfield>
   </datafield>
   <datafield ind2=" " ind1=" " tag="520">
      <subfield code="a">Altres ajuts: The authors are grateful to the CIBER of Epidemiology and Public Health (CIBERESP; CB06/02/0046 &amp; CB22/02/00052)</subfield>
   </datafield>
   <datafield ind2=" " ind1=" " tag="520">
      <subfield code="a">Chronic pain and depression are frequently comorbid conditions associated with significant healthcare and social costs.This study examined the cost-utility and cost-effectiveness of videoconference-based group forms of Acceptance and Commitment Therapy (ACT) and Behavioral Activation Therapy for Depression (BATD), as a complement to treatment-as-usual (TAU), for patients with chronic low back pain (CLBP) plus depressive symptoms, compared to TAU alone. A trial-based economic evaluation (n = 234) was conducted from a governmental and healthcare perspective with a time horizon of 12 months. Primary outcomes were the Brief Pain Inventory-Interference Scale (BPI-IS) and Quality Adjusted Life Year (QALY). Compared to TAU, ACT achieved a significant reduction in total costs (d = 0.47), and BATD achieved significant reductions in indirect (d = 0.61) and total costs (d = 0.63). Significant improvements in BPI-IS (d = 0.73 and d = 0.66, respectively) and QALY scores (d = 0.46 and d = 0.28, respectively) were found in ACT and BATD compared to TAU. No significant differences in costs and outcomes were found between ACT and BATD. In the intention-to-treat analyses, from the governmental and healthcare perspective, no significant differences in cost reduction and incremental effects were identified in the comparison between ACT, BATD, and TAU. However, in the complete case analysis, significant incremental effects of ACT (∆BPI-IS = -1.57 and -1.39, respectively) and BATD (∆BPI-IS = -1.08 and -1.04, respectively) compared with TAU were observed. In the per-protocol analysis, only the significant incremental effects of ACT (∆BPI-IS = -1.68 and -1.43, respectively) compared to TAU were detected. In conclusion, ACT and BATD might be efficient options in the management of CLBP plus comorbid depression symptoms as compared to usual care. However, no clear difference was found in the comparison between the two active therapies regarding cost-effectiveness or cost-utility. PERSPECTIVE: The economic evaluation of psychological therapies for the management of complex conditions is crucial as can be used in decision-making and resource allocation. This study provides evidence that videoconference group-based forms of ACT and BATD are more effective and involve a greater reduction in costs than usual care in the management of CLBP plus comorbid depressive symptoms. Both psychological therapies seem to offer good value for money to the Spanish national health service and the government.</subfield>
   </datafield>
   <datafield tag="653" ind2=" " ind1=" ">
      <subfield code="a">Acceptance and commitment therapy</subfield>
   </datafield>
   <datafield tag="653" ind2=" " ind1=" ">
      <subfield code="a">Behavioral activation therapy</subfield>
   </datafield>
   <datafield tag="653" ind2=" " ind1=" ">
      <subfield code="a">Chronic low back pain</subfield>
   </datafield>
   <datafield tag="653" ind2=" " ind1=" ">
      <subfield code="a">Cost-effectiveness</subfield>
   </datafield>
   <datafield tag="653" ind2=" " ind1=" ">
      <subfield code="a">Cost-utility</subfield>
   </datafield>
   <datafield tag="653" ind2=" " ind1=" ">
      <subfield code="a">SDG 3 - Good Health and Well-being</subfield>
   </datafield>
   <datafield ind2="0" ind1="0" tag="245">
      <subfield code="a">Economic evaluation of videoconference group acceptance and commitment therapy and behavioral activation therapy for depression versus usual care among adults with chronic low back pain plus comorbid depressive symptoms</subfield>
   </datafield>
</record></metadata></record></GetRecord></OAI-PMH>